Central Library OPAC University of Rajshahi

Basic ideas and concepts in nuclear physics : (Record no. 9425)

MARC details
000 -LEADER
fixed length control field 01019cam a2200289 a 4500
001 - CONTROL NUMBER
control field 9425
003 - CONTROL NUMBER IDENTIFIER
rucl marc code BD-RjUL
005 - DATE AND TIME OF LATEST TRANSACTION
control field 20211208234757.0
008 - FIXED-LENGTH DATA ELEMENTS--GENERAL INFORMATION
fixed length control field 140121s1994 enka b 001 0 eng
020 ## - INTERNATIONAL STANDARD BOOK NUMBER
International Standard Book Number 075030300X
Canceled/invalid ISBN 0075033018 (pbk.)
035 ## - SYSTEM CONTROL NUMBER
System control number (BD-RjUL)9470
040 ## - CATALOGING SOURCE
Original cataloging agency DLC
Transcribing agency DLC
Modifying agency DLC
-- BD-RjUL
Language of cataloging eng
041 ## - LANGUAGE CODE
Language code of text/sound track or separate title eng
082 00 - DEWEY DECIMAL CLASSIFICATION NUMBER
Classification number 539.7
Edition number 20
Author mark and year HEB 1994
100 1# - MAIN ENTRY--PERSONAL NAME
Personal name Heyde, K.,
Dates associated with a name 1942-
Fuller form of name (Kris L. G)
9 (RLIN) 29212
245 10 - TITLE STATEMENT
Title Basic ideas and concepts in nuclear physics :
Remainder of title an introductory approach /
Statement of responsibility, etc. K. Heyde.
260 ## - PUBLICATION, DISTRIBUTION, ETC. (IMPRINT)
Place of publication, distribution, etc. Bristol, UK ;
-- Philadelphia :
Name of publisher, distributor, etc. Institute of Physics Pub.,
Date of publication, distribution, etc. c1994.
300 ## - PHYSICAL DESCRIPTION
Pagination xviii, 424 p. :
Illustrations ill. ;
Size 25 cm.
504 ## - BIBLIOGRAPHY, ETC. NOTE
Bibliography, etc Includes bibliographical references (p. 413-420) and index.
650 #0 - SUBJECT ADDED ENTRY--TOPICAL TERM
Topical term or geographic name as entry element Nuclear physics.
9 (RLIN) 29214
856 42 - ELECTRONIC LOCATION AND ACCESS
Materials specified Publisher description
Uniform Resource Identifier <a href="http://www.loc.gov/catdir/enhancements/fy0745/93050715-d.html">http://www.loc.gov/catdir/enhancements/fy0745/93050715-d.html</a>
942 ## - ADDED ENTRY ELEMENTS (KOHA)
Source of classification or shelving scheme Dewey Decimal Classification
Koha item type Books
Holdings
Lost status Source of classification or shelving scheme Damaged status Not for loan Collection code Permanent Location Current Location Shelving location Date acquired Source of acquisition Cost, normal purchase price Total Checkouts Full call number Date last seen Copy number Koha item type
  Dewey Decimal Classification   Not For Loan Non-fiction Central Library, University of Rajshahi Central Library, University of Rajshahi Reading Room 24/03/1998 Ahsania Mission Book Dis.House 7135.00   539.7 HEB 1994 21/01/2014 C-1 Books